Late onset hypogonadism and metabolic syndrome in non urological patients in University Malaya Medical Centre /
Saved in:
| 主要作者: | |
|---|---|
| 格式: | Thesis 圖書 |
| 語言: | English |
| 出版: |
2012.
|
| 主題: | |
| 標簽: |
添加標簽
沒有標簽, 成為第一個標記此記錄!
|
| LEADER | 00936cam a2200253 a 4500 | ||
|---|---|---|---|
| 001 | u851465 | ||
| 003 | SIRSI | ||
| 005 | 201202161004 | ||
| 008 | 120216n2012 my a t 000 0 eng m | ||
| 040 | |a UMP | ||
| 043 | |a a-my-wp | ||
| 096 | |a WO100 |b UM 2012 Koo | ||
| 100 | 1 | |a Koong, Jun Kit. | |
| 245 | 1 | 0 | |a Late onset hypogonadism and metabolic syndrome in non urological patients in University Malaya Medical Centre / |c Koong Jun Kit. |
| 260 | |c 2012. | ||
| 300 | |a xi, 75 leaves : |b ill. ; |c 30 cm. | ||
| 502 | |a Dissertation (M. Surg.) -- Department of Surgery, Faculty of Medicine, University of Malaya, 2012. | ||
| 504 | |a Bibliography: leaves 68-75. | ||
| 650 | 1 | 2 | |a Gonadotropins |z Kuala Lumpur (W.P.). |
| 650 | 2 | 2 | |a Urology |z Kuala Lumpur (W.P.). |
| 710 | 2 | 0 | |a Universiti Malaya. |b Jabatan Surgeri. |
| 900 | |a RAH | ||
| 596 | |a 2 | ||
| 999 | |a WO100 UM 2012 KOO |w NLM |c 1 |i A515030577 |d 5/3/2012 |f 5/3/2012 |g 1 |l TESIS |m P02MEDKL |r Y |s Y |t TESIS |u 5/3/2012 | ||
